000 02733nam a2200301 i 4500
001 000017772
003 DO-SdBNP
005 20241113084029.0
007 ta
008 100331s1994 dr 001 0 spa d
040 _aDO-SdBNP
_bspa
_cBNPHU
_erda
082 4 _a972.93
_bV422d
_222
100 1 _aVega B., Wenceslao,
_d1932-
_eautor
_4aut.
_938670
245 1 4 _aLos documentos básicos de la historia dominicana /
_cWenceslao Vega B.
264 1 _aSanto Domingo :
_bEditora Taller,
_c1994.
300 _a391 páginas ;
_c23 cm.
336 _atexto
_btxt
_2rdacontent
337 _asin mediación
_bn
_2rdamedia
338 _avolumen
_bnc
_2rdacarrier
505 2 _aPreambulo--
_tLas capitulaciones de Santa Fe. (1942) --
_tLa bula Inter Caetera (1943)--
_tLas instrucciones al gobernador Ovando. (1501 y 1503) --
_tReal cédula creando la real audiencia de Santo Domingo (1511) --
_tBula in Apostolatus Culmine (1512) --
_tLas leyes de Burgos (1512) --
_tBula in Apostolatus Culmine (1512) --
_tLeyes agrarias coloniales (1558; 1591 y 1631) --
_tReales cédulas de 1603 ordenando las desvastaciones de la región norte (1603) --
_tLos tratados fronterizon de San Miguel y Aranjuez (1776 y 1777) --
_tTratado de Basilea (1795) -- Proclama de Leclerc a los habitantes de Santo Domingo (1802) --
_tLos tratados fronterizon de San Miguel y Aranjuez (1776 y 1777) --
_tTratado de Basilea (1795) -- Proclama de Leclerc a los habitantes de Santo Domingo (1802) --
_tEl acuerdo de Bondillo (1808) --
_tLa declaración de independencia (1821) --
_tLa entrega de Santo Domingo a Boyer 1822) --
_tLa ley de bienes nacionales de Haití (1824) --
_tEl acta de separación dominicana (1844) --
_tCapitulaciones de las autoridades haitianas en Santo Domingo (1844) --
_tEl informe de la comisión redactora de la constitución de San Cristóbal (1844) --
_tProclama de la anexión a España (1861) --
_tActa de proclamación de la restauración (1863) --
_tEl emprestito Harmont (1869) --
_tEl tratado de anexión a Estados Unidos (1869) --
_tEl tratado de paz con Haití (1874) --
_tLa convención dominico-americana (1907) --
_tProclama de la intervención norteamericana (1916) --
_tEl convenio de evacuación Plan Hughes-Peynado (1922) --
_tTratado fronterizo dominico-haitiano (1929) --
_tTratado Trujillo-Hull (1940) --
_tActa de reconciliación dominicana y el acto institucional (1965).
590 _aInventariado, 2024/BT
651 4 _aRepública Dominicana
_xHistoria
_9170
651 4 _aRepública Dominicana
_xRelaciones exteriores
_xTratados
_911787
651 4 _aRepública Dominicana
_xLímites
_zHaití
_xHistoria
_938647
651 4 _aHaití
_xLímites
_zRepública Dominicana
_xHistoria
_938648
910 _aValidado. Control de calidad MMOLINA
942 _2ddc
_cLBS1
999 _c17297
_d17297